logo

Bir Sreshtho Munshi Abdur Rouf Library
Jhenaidah Cadet College

Trigonometry for the practical worker / (Record no. 5481)

MARC details
000 -LEADER
fixed length control field 00829nam a2200289 a 4500
001 - CONTROL NUMBER
JCCL Control Number 5481
003 - CONTROL NUMBER IDENTIFIER
JCCL marc code BD-JhCC
005 - DATE AND TIME OF LATEST TRANSACTION
control field 20190904134018.0
008 - FIXED-LENGTH DATA ELEMENTS--GENERAL INFORMATION
fixed length control field 810623s1982 nyua 001 0 eng d
020 ## - INTERNATIONAL STANDARD BOOK NUMBER
International Standard Book Number 0442282710 (pbk.) :
Terms of availability $6.95
035 ## - SYSTEM CONTROL NUMBER
system control number (BD-JhCC)5481
040 ## - CATALOGING SOURCE
Original cataloging agency BD-JhCC
Transcribing agency DLC
Modifying agency BD-JhCC
041 ## - LANGUAGE CODE
Language code of Book eng
050 00 - LIBRARY OF CONGRESS CALL NUMBER
Classification number QA533
Item number .T5 1982
082 00 - DEWEY DECIMAL CLASSIFICATION NUMBER
Classification number 516.2/4
DDC Edition number 19
Author mark and Year THO 1982
100 1# - MAIN ENTRY--PERSONAL NAME
Personal name Thompson, James Edgar,
Dates associated with a name 1892-
245 10 - TITLE STATEMENT
Title Trigonometry for the practical worker /
Statement of responsibility, etc J.E. Thompson.
250 ## - EDITION STATEMENT
Edition statement 4th ed.
260 ## - PUBLICATION, DISTRIBUTION, ETC. (IMPRINT)
Place of publication, distribution, etc New York :
Name of publisher, distributor, etc Van Nostrand Reinhold Co.,
Date of publication, distribution, etc c1982.
300 ## - PHYSICAL DESCRIPTION
Pagination xv, 199 p. :
Other physical details ill. ;
Dimensions 21 cm.
440 #0 -
Title Mathematics library for practical workers
500 ## - GENERAL NOTE
General note Includes index.
650 #0 - SUBJECT ADDED ENTRY--TOPICAL TERM
Topical term or geographic name as entry element Trigonometry.
700 1# - ADDED ENTRY--PERSONAL NAME
Personal name Peters, Max,
Dates associated with a name 1906-
942 ## - ADDED ENTRY ELEMENTS (KOHA)
Source of classification or shelving scheme Dewey Decimal Classification
Koha item type Books
Koha issues (borrowed), all copies 2
Holdings
Source of classification or shelving scheme Damaged status Not for loan Home library Current library Shelving location Total Checkouts Full call number Barcode Date last seen Date checked out Copy number Koha item type
Dewey Decimal Classification     JCC Rouf Library JCC Rouf Library General Stacks 2 516.2/4 THO 1982 7703 10/22/2019 09/03/2019 C - 1 Books

JCC Library | Contacts | JCC Home

Last Update on 23 September 2017
Copyright @ 2017-2020 JCC Rouf Library
Rouf Library, Jhenidah Cadet College (JCC), Bangladesh